| 000 | 00723nam a22002177a 4500 | ||
|---|---|---|---|
| 005 | 20150124131134.0 | ||
| 008 | 141125t mx||||| |||| 00| 0 spa d | ||
| 020 | _a9789685053266 | ||
| 020 | _a968505326X | ||
| 050 | 0 | 4 |
_aML3487.A7 _bS27 2001 |
| 100 | 1 | _aSareli, Jorge | |
| 245 | 1 | 0 |
_aTango : _bmúsica sin fronteras / _cJorge "Che" Sareli ; edición Guillermo Amador Vargas. |
| 250 | _a1a ed. | ||
| 260 |
_aMéxico : _bFundación Ingeniero Alejo Peralta y Díaz Ceballos, _c2001 |
||
| 300 |
_a218 p. : _bil. ; _c23 cm. |
||
| 504 | _aIncluye bibliografía e índice | ||
| 650 | 4 |
_aMúsica popular _zArgentina |
|
| 650 | 7 |
_2LEMB _aTango (baile) _zArgentina |
|
| 700 | 1 |
_aAmador Vargas, Guillermo, _eed. |
|
| 942 |
_2lcc _cLIB |
||
| 999 |
_c71285 _d71285 |
||